00860nam a2200193 a 450000100100000000500170001000800410002702000180006804000250008610000320011124500670014326000420021030000230025250000450027595201060032095201110042695201120053799900170064900003801920201002031143.0130312s2007 dr 000 0 spa d a9789945000955 aDO-SdBNPbspacBNPHU1 aPeña Nina, Domingo91912110aJornadas :breflexiones esperanzadoras /cDomingo Peña Nina. aSanto Domingo :bPeña Nina ,c2007. a317 p. : ;c23 cm. aBreve biografía del autor en la solapa 00107-18PDaPDbPDcOId2013-03-12iLF1l0o p38019-10r2020-06-25w2020-06-25yLFPDZNo se presta 0010728PDaPDbPDcOId2013-03-12iLF1l0o p38019-20r2020-06-25te. 2w2020-06-25yLFPDZNo se presta 00107-18DSaPDbPDcOId2013-03-12iLF1l0o p38019-30r2020-06-25te. 3w2020-06-25yLFDSZNo se presta c37509d37509